|
|
|
|
| LEADER |
00911nam a22002057a 4500 |
| 001 |
30443 |
| 003 |
BD-DhAAL |
| 005 |
20241112110012.0 |
| 008 |
151118s1987 bg ||||| |||| 00| 0 eng d |
| 040 |
|
|
|a BD-DhAAL
|c BD-DhAAL
|
| 082 |
|
|
|2 22
|a 307.1412095492
|
| 245 |
|
|
|a Centre for the development of rural managers :
|b health, fisheries and livestock.
|
| 260 |
|
|
|a Dhaka :
|b Bangladesh Rural Advancement Committee,
|c 1987.
|
| 300 |
|
|
|a iv, 21 pages ;
|c 29 cm
|
| 541 |
|
|
|e 30443
|a Complimentary copy from BRAC
|
| 650 |
|
|
|a Rural development
|z Bangladesh.
|9 16316
|
| 852 |
|
|
|a Ayesha Abed Library
|c BRAC Resource Section
|
| 942 |
|
|
|2 ddc
|c BK
|
| 999 |
|
|
|c 36206
|d 36206
|
| 952 |
|
|
|0 0
|1 0
|2 ddc
|4 0
|6 307_141209549200000_CEN
|7 1
|9 56928
|a BRACUL
|b BRACUL
|c BRS
|d 2015-11-18
|e Complimentary copy from BRAC
|l 1
|o 307.1412095492 CEN
|p 3010030443
|r 2025-12-30
|s 2025-03-24
|t 1
|w 2015-11-18
|y BK
|x Complimentary copy from BRAC ; price not available in register
|